000 00826nam a2200253 i 4500
001 15561
003 ES-MaACL
005 20230906151114.0
007 t|
008 000330s1999 sp ||||1| spa d
020 _a84-923978-0-2
080 _a946.025.1 Coria
100 1 _aValiente Lourtau, Alejandro.
_9112696
245 1 0 _aHistoria de los nombres de las calles y de las puertas de la muralla de la ciudad de Coria /
_cAlejandro Valiente Lourtau.
250 _a1ª ed.
260 _a[Coria] :
_bAyuntamiento de Coria,
_c1999.
300 _a129 p. ;
_c23 cm.
490 1 _aColección de temas caurienses ;
_v2
650 4 _aCalles-
_zCoria.
_9172277
710 1 _aCoria.
_bAyuntamiento.
_93303
830 1 _aColección de temas caurienses ;
_v2
_9228586
852 _aES-MaACL
_jL-22764
999 _c15561
_d15561